The Egyptian
Kaydedildi:
| Yazar: | |
|---|---|
| Materyal Türü: | Kitap |
| Dil: | Undetermined |
| Baskı/Yayın Bilgisi: |
London
Putnam & Co., Ltd.
1954
|
| Konular: | |
| Etiketler: |
Etiketle
Etiket eklenmemiş, İlk siz ekleyin!
|
| Thư viện lưu trữ: | Trung tâm Học liệu Trường Đại học Cần Thơ |
|---|
| LEADER | 00466nam a2200193Ia 4500 | ||
|---|---|---|---|
| 001 | CTU_89736 | ||
| 008 | 210402s9999 xx 000 0 und d | ||
| 082 | |a 894 | ||
| 082 | |b W231 | ||
| 100 | |a Waltari, Mika | ||
| 245 | 4 | |a The Egyptian | |
| 245 | 0 | |c Mika Waltari | |
| 260 | |a London | ||
| 260 | |b Putnam & Co., Ltd. | ||
| 260 | |c 1954 | ||
| 650 | |a Literature | ||
| 650 | |x Novel | ||
| 904 | |i Mai Loan | ||
| 980 | |a Trung tâm Học liệu Trường Đại học Cần Thơ | ||